000 00310nam a22001457a 4500
008 230524b ||||| |||| 00| 0 eng d
020 _a9782091805160
041 _aFRA
080 _a82
082 _a82PLA
100 _a38
101 _aGJL
245 _aLES INTEGRALES DE PHILO
_cPLATON
942 _2udc
_cBK
999 _c59799
_d59799